000
00336nam a2200145Ia 4500
005
20251222141836.0
008
251222s9999||||xx |||||||||||||| ||spa||
020
_a
84-271-1924-0
082
_a
220.5/S29
100
_a
Schókel, Luis Alonso
245
0
_a
Biblia del Peregrino
250
_a
4a.ed.
264
_b
Mensajero
942
_c
LIB
999
_c
7275
_d
7275